00393nam a22000977a 4500008004100000082001800041245016500059260003700224300001000261710002400271230612b xxu||||| |||| 00| 0 eng d a352.4908bKEN aThe Appropriation Accounts and Other Public Accounts Details Excluding Accounts of the Funds of the Republic of Kenya for the Year2008/2009cGovernment of Kenya aKenyabGovernment of Kenyac2009 a674 p bGovernment of Kenya